000
00257nam a2200097Ia 4500
001
1206808
005
20251010145715.0
008
250824s9999 xx 000 0 und d
245
0
_a
FİKRİMİN İNCE GÜLÜ
_c
ADALET AĞAOĞLU
260
_b
EVEREST YAYINLARI
999
_c
1206808
_d
1206808